000 00752nam a2200205Ii 4500
003 JO-AjNU
008 230605s9999||||xx |||||||||||||| ||und||
040 _aJO-AjNU
_bara
_erda
_cJO-AjNU
041 _aara
050 1 4 _aBP130.4.T2 1992
100 3 _aبقلم طباره، عفيف عبد الفتاح,
_eauthor
_939533
245 0 0 _aروح القرأن الكريم : تفسير جزء قد سمع، ج30
250 _aط9 طبعة جديدة منقحة
264 3 1 _aبيروت: دار العلم للملايين، 1992
300 _aج30، 205ص
336 _atext
_btxt
_2rdacontent
337 _aunmediated
_bn
_2rdamedia
338 _avolume
_bnc
_2rdacarrier
650 4 _aجزء قد سمع - تفسير - القران الكريم
_939534
999 _aA16704
_c20272
_d20272